| 000 | 01113pam a2200349 a 4500 | ||
|---|---|---|---|
| 999 |
_c2063 _d2063 |
||
| 001 | 014607510 | ||
| 003 | Uk | ||
| 005 | 20230303112030.0 | ||
| 008 | 080417r20081999enka j 000 0 eng d | ||
| 015 |
_aGBA864046 _2bnb |
||
| 016 | 7 |
_a014607510 _2Uk |
|
| 020 | _a9781407105857 (pbk.) : | ||
| 040 |
_aStDuBDS _beng _cStDuBDS _dUk _dKH8 |
||
| 042 | _aukblcatcopy | ||
| 082 | 0 | 4 |
_a513.21 POS _222 |
| 100 | 1 |
_aPoskitt, Kjartan. _eauthor |
|
| 245 | 1 | 0 |
_aAwesome arithmetricks / _cKjartan Poskitt. |
| 260 |
_aLondon : _bScholastic, _c2008. |
||
| 300 |
_a176 p. : _bill. ; _c20 cm. |
||
| 336 |
_atext _2rdacontent |
||
| 337 |
_aunmediated _2rdamedia |
||
| 338 |
_avolume _2rdacarrier |
||
| 490 | 0 | _aMurderous maths | |
| 500 | _aOriginally published: as The essential arithmetricks. London: Hippo, 1999. | ||
| 500 | _aIllustrated by Daniel Postgate. | ||
| 500 |
_aFormerly CIP. _5Uk |
||
| 650 | 0 |
_aArithmetic _vMiscellanea _vJuvenile literature. |
|
| 650 | 0 |
_aArithmetic _vJuvenile humor. |
|
| 700 | 1 |
_aPostgate, Daniel. _eillustrator |
|
| 700 | 1 |
_aPoskitt, Kjartan. _tEssential arithmetricks. |
|
| 942 |
_2ddc _cNFIC |
||